000 00503nam a2200217Ia 4500
001 13809
003 GE_BSU
008 181216s||||||||xx |||||||||||||| ||und||
020 _a0718135601
040 _cGE_BSU
080 _a821.111-1
100 _aHaddon,Celia.
245 4 _aThe yearbook of courage and serenity.
260 _aLondon.
260 _bMichael Joseph.
260 _c1992
300 _a144p;18cm.
300 _bill.
653 _aThe yearbook of courage and serenity.
942 _cBK
999 _c46955
_d46955